Performance appraisals (Record no. 377427)

000 -LEADER
fixed length control field 00399cam a22001457a 4500
008 - FIXED-LENGTH DATA ELEMENTS--GENERAL INFORMATION
fixed length control field 180718b1995 xxu||||| |||| 00| 0 eng d
020 ## - INTERNATIONAL STANDARD BOOK NUMBER
International Standard Book Number 0749414413
082 ## - DEWEY DECIMAL CLASSIFICATION NUMBER
Classification number K45 F535
100 ## - MAIN ENTRY--PERSONAL NAME
Personal name Fisher, Martin
245 ## - TITLE STATEMENT
Title Performance appraisals
Statement of responsibility, etc. by Martin Fisher
260 ## - PUBLICATION, DISTRIBUTION, ETC.
Place of publication, distribution, etc. London
Name of publisher, distributor, etc. Kogan Page
Date of publication, distribution, etc. 1995
300 ## - PHYSICAL DESCRIPTION
Extent 224p.
440 ## - SERIES STATEMENT/ADDED ENTRY--TITLE
Title The Sunday times business skills
650 ## - SUBJECT ADDED ENTRY--TOPICAL TERM
Topical term or geographic name entry element Employees - Rating of
Holdings
Withdrawn status Lost status Damaged status Not for loan Permanent Location Current Location Date acquired Full call number Barcode Date last seen Price effective from Koha item type
        Indian Institute of Public Administration Indian Institute of Public Administration 1995-05-15 K45 F535 69340 2018-07-21 2018-07-21 Book

Powered by Koha